000 00838nam a2200229 i 4500
001 10426
003 ES-MaACL
005 20250808062707.0
008 950612s1992 sp |||| | spa d
020 _a84-7914-063-1
080 _a276(082.2)
245 0 3 _aLa predicación del Evangelio en los Padres de la Iglesia
_b: antología de textos patrísticos /
_cedición preparada por Miguel Peinado Peinado.
260 _aMadrid :
_bBiblioteca de Autores Cristianos,
_c1992.
300 _aXIV, 544 p. ;
_c20 cm.
490 1 _aBiblioteca de autores cristianos ;
_v519
500 _aÍndice.
650 0 7 _aLiteratura cristiana primitiva
_2embne
_914529
700 1 _aPeinado Peinado, Miguel
_c, Obispo de Jaén.
_9178683
830 0 0 _aBiblioteca de autores cristianos
_v519
_9178679
852 _aES-MaACL
_jJ-506
999 _c10426
_d10426